000 00602nam a22002057a 4500
003 koha_MIRAKIL
005 20231213095920.0
008 231213b |||||||| |||| 00| 0 ||| d
020 _b978-9-75071352-1
040 _aTR-IsEVY
_btur
_cTR-IsEVY
082 _a808.06831 TÜR
100 _aderleyen Ahmet Köklügiller ; resimleyen Mustafa Delioğlu.
245 0 _aTürk yazarlarından çocukluk anıları
250 _a2. bs.
260 _bCan Yayınları,
_c2012
300 _a126 s.
650 _aTürk edebiyatı -- Anılar.
650 _aTurkish literature -- Memories.
942 _2ddc
_cBK
999 _c11524
_d11524